Normal view
MARC view
Entry Personal Name
001 - CONTROL NUMBER
- control field: 15052
003 - CONTROL NUMBER IDENTIFIER
- control field: BD-RjUL
005 - DATE AND TIME OF LATEST TRANSACTION
- control field: 20250220111429.0
008 - FIXED-LENGTH DATA ELEMENTS
- fixed length control field: 250220|| aca||aabn | a|a d
040 ## - CATALOGING SOURCE
- Original cataloging agency: BD-RjUL
- Transcribing agency: BD-RjUL
100 ## - HEADING--PERSONAL NAME
- Personal name: কাসেম,মো. আবুল
670 ## - SOURCE DATA FOUND
- Source citation: Work cat.: (BD-RjUL)84709: কাসেম,মো. আবুল , নয়জন মুসলিম মনীষীর আলোকিত জীবন /, ২০২৩